000 01057nam a2200265 i 4500
001 bg
100 1 _aŁUKANISZYN, Marian
245 1 0 _aModelowanie pól magnetycznych i elektrycznych trójwymiarowych metodą różnic skończonych z wykorzystaniem szybkich procedur obliczeniowych /
_cMarian Łukaniszyn.
260 _aOpole :
_bWSI,
_c1990.
300 _a137 s. :
_brys., wykr. ;
_c24 cm.
490 1 _aStudia i Monografie / Wyższa Szkoła Inżynierska w Opolu,
_x0239-5991 ;
_vz.41
500 _aStreszcz. ros., ang.
504 _aBibliogr. s. 121-134.
650 9 _aAnaliza numeryczna
_xstosowanie
_xelektrotechnika
650 9 _aElektrotechnika
_xurządzenia
_xteoria
650 9 _aPole elektryczne
_xbadanie
_xmetody
650 9 _aPole magnetyczne
_xbadanie
_xmetody
650 9 _aSymulacja
_xstosowanie
_xelektrotechnika
830 0 _aStudia i Monografie (Wyższa Szkoła Inżynierska w Opolu) ;
_vz.41
040 _cBPK
041 0 _apl
_bruen
080 _a621.31:537.2:537.6:519.6
942 _cKS
008 s pl f |000 0 pol
999 _c38804
_d38804
856 _uhttp://koha.tu.koszalin.pl/cgi-bin/koha/opac-detail.pl?biblionumber=38804
_yKatalog online BPK